00866cam a2200265 a 450000100090000000300050000900500170001400800410003101000170007202000290008902000250011803800160014304000180015905000240017708200270020110000260022824500960025425000120035026000640036230000410042650400640046765000280053165000130055970000280057216212423NUST20180605033338.0100430s2010 enka b 001 0 eng  a 2010287474 a9780521889445 (hardback) a9780521717939 (pbk.) aSNS Library aDLCcDLCdDLC00aQB843.B55bB44 2010 a523.8875 BEG 2010bBEG1 aBegelman, Mitchell C.10aGravity's Fatal Attraction :bblack holes in the universe cMitchell Begelman, Martin Rees. a2nd ed. aCambridge :aNew York :bCambridge University Press,c2010. a302 p. :bill. (some col.) ;c25 cm. aIncludes bibliographical references (p. 279-280) and index. 0aBlack holes (Astronomy) 0aQuasars.1 aRees, Martin J.,d1942-